A száműzött tévedés. Kritikai jegyzetek Hegel logikájáról
Elmentve itt :
| Szerző: | |
|---|---|
| Adatforrás: | Philobibl |
| Forrásdokumentuma: | Magyar Filozófiai Szemle 29 1985/5-6., 719-727. p. |
| Dokumentumtípus: | Cikk |
| Nyelv: | magyar |
| Kulcsszavak: | klasszikus német filozófia logika |
| LEADER | 00397nab a2200121 c 4500 | ||
|---|---|---|---|
| 001 | bibDOK00002010 | ||
| 005 | 20200924115839.2 | ||
| 008 | 060518s1985 hu hun | ||
| 100 | 1 | |a Csikós Ella | |
| 245 | 1 | 2 | |a A száműzött tévedés. Kritikai jegyzetek Hegel logikájáról |c Csikós Ella |
| 695 | |a klasszikus német filozófia | ||
| 695 | |a logika | ||
| 773 | 0 | |t Magyar Filozófiai Szemle 29 |g 1985/5-6., 719-727. p. | |